BSOP header

How to keep your faith while in college / (Record no. 27341)

MARC details
000 -LEADER
fixed length control field 00616nam a2200181 4500
008 - FIXED-LENGTH DATA ELEMENTS--GENERAL INFORMATION
fixed length control field 060816s1989 mau 0 eng
020 ## - INTERNATIONAL STANDARD BOOK NUMBER
International Standard Book Number 0925703036 :
Terms of availability USD10.95/4.19
090 ## - LOCALLY ASSIGNED LC-TYPE CALL NUMBER (OCLC); LOCAL CALL NUMBER (OCLC)
Classification number (OCLC) (R) ; Classification number, CALL (RLIN) (NR) BV4531.2
Local cutter number (OCLC) ; Book number/undivided call number, CALL (RLIN) M81h
100 1# - MAIN ENTRY--PERSONAL NAME
Personal name Morey, Robert A.
245 10 - TITLE STATEMENT
Title How to keep your faith while in college /
Statement of responsibility, etc Robert A. Morey.
260 ## - PUBLICATION, DISTRIBUTION, ETC. (IMPRINT)
Place of publication, distribution, etc Massachusetts :
Name of publisher, distributor, etc Crowne Publications,
Date of publication, distribution, etc 1989.
300 ## - PHYSICAL DESCRIPTION
Extent 146 p.
504 ## - BIBLIOGRAPHY, ETC. NOTE
Bibliography, etc Biblio. pp. 141-146.
650 #4 - SUBJECT ADDED ENTRY--TOPICAL TERM
Topical term or geographic name as entry element Christian life.
650 #4 - SUBJECT ADDED ENTRY--TOPICAL TERM
Topical term or geographic name as entry element College students
General subdivision Conduct of life.
650 #4 - SUBJECT ADDED ENTRY--TOPICAL TERM
Topical term or geographic name as entry element College students
General subdivision Religious life.
951 ## - EQUIVALENCE OR CROSS-REFERENCE-GEOGRAPHIC NAME/AREA NAME [OBSOLETE] [CAN/MARC only]
-- 12679
-- BV4531.2/M81h
-- 070613111606718
-- 2000-12-21
-- GC
Holdings
Withdrawn status Lost status Source of classification or shelving scheme Damaged status Not for loan Home library Current library Shelving location Date acquired Cost, normal purchase price Accession number Total Checkouts Full call number Barcode Date last seen Price effective from Koha item type
    Library of Congress Classification     BSOP Library BSOP Library GC 12/21/2000 0.00 12679   BV4531.2/M81 1989 00008872 02/23/2013 02/23/2013 Books
BSOP

Biblical Seminary of the Philippines
  All rights Reserved
  © 2024

CONTACT INFORMATION

Biblical Seminary of the Philippines,
  77-B Karuhatan Road, Valenzuela City,
  PHILIPPINES 1441
  Phone: +632 8292-6795 / 8292-6798
  Fax : +632 8292-6675
  Email: library@bsop.edu.ph